000 00334cam a2200133ua 4500
003 OSt
008 250823b |||||||| |||| 00| 0 eng d
082 _a628.1
_bSCI/MA
245 _aManuel of individual water supply system
250 _a1 /
260 _aJodhpur :
_bScientific Publishers ,
_c1987.
300 _a155 ; .
942 _cBK
999 _c5889
_d5889